书目信息 |
| 题名: |
风筝
|
|
| 作者: | 李乡文 主编 | |
| 分册: | ||
| 出版信息: | 长春 吉林文史出版社 2006 |
|
| 页数: | 187页 | |
| 开本: | 21cm | |
| 丛书名: | 中外艺术精粹 | |
| 单 册: | ||
| 中图分类: | G898.1 | |
| 科图分类: | ||
| 主题词: | 风筝--通俗读物 , 风筝 | |
| 电子资源: | ||
| ISBN: | 7-80702-248-5 | |
| 000 | 00774oam2 2200265 45 | |
| 001 | 012006042901 | |
| 005 | 20070103161238.64 | |
| 010 | @a7-80702-248-5@dCNY29.80 | |
| 092 | @aCN@b492771 | |
| 100 | @a20060429d2006 em y0chiy0120 ea | |
| 101 | 0 | @achi |
| 102 | @aCN@b220000 | |
| 105 | @ay z 000yy | |
| 200 | 1 | @a风筝@9feng zheng@f李乡文主编 |
| 210 | @a长春@c吉林文史出版社@c吉林音像出版社@d2006 | |
| 215 | @a187页@d21cm | |
| 225 | 2 | @a中外艺术精粹 |
| 330 | @a本书主要内容:风筝的概述;风筝的造型与设计;中国风筝四艺;风筝的放飞;风筝的体育竞技等。 | |
| 461 | 0 | @12001 @a中外艺术精粹 |
| 606 | 0 | @a风筝@j通俗读物 |
| 606 | 0 | @a风筝 |
| 690 | @aG898.1@v4 | |
| 701 | 0 | @a李乡文@9li xiang wen@4主编 |
| 801 | 0 | @aCN@bLZJBOOK@c20070103 |
| 905 | @a10447@dG898.1@e248 | |
| 风筝/李乡文主编.-长春:吉林文史出版社:吉林音像出版社,2006 |
| 187页;21cm.-(中外艺术精粹) |
| ISBN 7-80702-248-5:CNY29.80 |
| 本书主要内容:风筝的概述;风筝的造型与设计;中国风筝四艺;风筝的放飞;风筝的体育竞技等。 |
| ● |
| 相关链接 |
|
|
|
|
正题名:风筝
索取号:G898.1/248
 
预约/预借
| 序号 | 登录号 | 条形码 | 馆藏地/架位号 | 状态 | 备注 |
| 1 | 0561233 | 205612336 | 第一样本阅览室/ [索取号:G898.1/248] | 在馆 | |
| 2 | 0561234 | 205612345 | 第四借阅区/ [索取号:G898.1/248] | 在馆 | |
| 3 | 0561235 | 205612354 | 第四借阅区/ [索取号:G898.1/248] | 在馆 | |
| 4 | 0561236 | 205612363 | 第四借阅区/ [索取号:G898.1/248] | 在馆 | |
| 5 | 0561237 | 205612372 | 第四借阅区/ [索取号:G898.1/248] | 在馆 | |
| 6 | 0561238 | 205612381 | 第四借阅区/ [索取号:G898.1/248] | 在馆 | |
| 7 | 0561239 | 205612390 | 第四借阅区/ [索取号:G898.1/248] | 在馆 |